000 00509nam a2200181Ia 4500
005 20250923144343.0
008 008 250917s9999 xx 000 0 eng d
037 _aTextual
040 _aDSWL
_beng
_cDSWL
041 _aeng
_2eng
084 _aY172-15:12:84:N3, G9
_qDSWL
100 _aKaberry, P
_9824012
245 0 _aAboriginal woman
_cby P Kaberry
260 _aLondon
_c1939
300 _a294 p.
942 _cTEXL
_hY172-15:12:84:N3, G9
999 _c1437816
_d1437816